| 000 -LEADER |
| fixed length control field |
01523 a2200265 4500 |
| 003 - CONTROL NUMBER IDENTIFIER |
| control field |
Nust |
| 005 - DATE AND TIME OF LATEST TRANSACTION |
| control field |
20221022132438.0 |
| 010 ## - LIBRARY OF CONGRESS CONTROL NUMBER |
| LC control number |
91028580 |
| 020 ## - INTERNATIONAL STANDARD BOOK NUMBER |
| International Standard Book Number |
0792391810 (acid-free paper) |
| 040 ## - CATALOGING SOURCE |
| Transcribing agency |
Nust |
| 082 00 - DEWEY DECIMAL CLASSIFICATION NUMBER |
| Classification number |
621.3822,GER |
| 100 1# - MAIN ENTRY--PERSONAL NAME |
| Personal name |
Gersho, Allen. |
| 9 (RLIN) |
97926 |
| 245 10 - TITLE STATEMENT |
| Title |
Vector quantization and signal compression / |
| Statement of responsibility, etc. |
Allen Gersho, Robert M. Gray. |
| 260 ## - PUBLICATION, DISTRIBUTION, ETC. |
| Place of publication, distribution, etc. |
Boston : |
| Name of publisher, distributor, etc. |
Kluwer Academic Publishers, |
| Date of publication, distribution, etc. |
c1992. |
| 300 ## - PHYSICAL DESCRIPTION |
| Extent |
xxii, 732 p. : |
| Other physical details |
ill. ; |
| Dimensions |
25 cm. |
| 490 1# - SERIES STATEMENT |
| Series statement |
The Kluwer international series in engineering and computer science ; |
| Volume/sequential designation |
SECS 159. |
| Series statement |
Communications and information theory |
| 505 ## - FORMATTED CONTENTS NOTE |
| Formatted contents note |
Introduction (Page-1), Random Processes and Linear Systems (Page-17), Sampling (Page-49),Scalar Quantization I (Page-131), Scalar Quantization II (Page-173), Predicative Quantization (Page-203),Bit Allocation and Transform Coding (Page-225), Entropy Coding (Page-259), Vector Quantization I (Page-309), Vector Quantization II (Page-345), Constrained Vector Quantization I (Page-407), Predictive Vector Quantization I (Page-487), Finite-State Vector Quantization I (Page-519), Tree and Trallis Encoding (Page-555), |
| 650 #0 - SUBJECT ADDED ENTRY--TOPICAL TERM |
| Topical term or geographic name entry element |
Coding theory. |
| 9 (RLIN) |
3106 |
| 650 #0 - SUBJECT ADDED ENTRY--TOPICAL TERM |
| Topical term or geographic name entry element |
Data compression (Telecommunication) |
| 9 (RLIN) |
97885 |
| 650 #0 - SUBJECT ADDED ENTRY--TOPICAL TERM |
| Topical term or geographic name entry element |
Telecommunication engineering |
| 700 1# - ADDED ENTRY--PERSONAL NAME |
| Personal name |
Gray, Robert M., |
| Dates associated with a name |
1943- |
| 9 (RLIN) |
97927 |
| 830 #0 - SERIES ADDED ENTRY--UNIFORM TITLE |
| Uniform title |
Kluwer international series in engineering and computer science ; |
| 9 (RLIN) |
82222 |
| 830 #0 - SERIES ADDED ENTRY--UNIFORM TITLE |
| Uniform title |
Kluwer international series in engineering and computer science. |
| 9 (RLIN) |
82222 |
| 942 ## - ADDED ENTRY ELEMENTS (KOHA) |
| Source of classification or shelving scheme |
|
| Koha item type |
Reference |